JR東日本非定期行先クイズ - Statistics

General Stats
  • This quiz has been taken 479 times
    296 since last reset
  • The average score is 35 of 162
Answer Stats
ヒント 答える % Correct
西国分寺
66%
国立
63%
日野
63%
相模湖
63%
東小金井
62%
中央線 水道橋
51%
山手線 田町
48%
横浜線 小机
45%
四方津
44%
中山
43%
飯田橋
42%
東飯能
38%
下諏訪
37%
京浜東北線 田端
37%
香取
37%
信越線 安中
36%
武蔵野線 吉川美南
36%
東海道線 横浜
35%
羽沢横浜国大
34%
川越線 指扇
34%
南古谷
34%
藤沢
33%
恵比寿
33%
京葉線 千葉みなと
33%
木下
33%
今市
32%
上越新幹線 本庄早稲田
32%
八高線 小宮
31%
常磐線 龍ケ崎市
31%
水沢
31%
相鉄直通線 武蔵小杉
31%
北陸新幹線 安中榛名
31%
燕三条
31%
神立
30%
日立
30%
安食
30%
埼京線 板橋
30%
佐久平
30%
上毛高原
30%
浦佐
30%
寄居
29%
奥羽本線 赤湯
29%
鹿島サッカースタジアム
29%
厚木
29%
くりこま高原
29%
二戸
29%
七戸十和田
29%
新花巻
28%
総武線 幕張
27%
内原
27%
浪江
27%
相馬
27%
いわて沼宮内
27%
相模線 寒川
27%
東北新幹線 白石蔵王
27%
湖北
27%
鹿島線 潮来
26%
水沢江刺
26%
山形新幹線 さくらんぼ東根
26%
富岡
25%
亘理
25%
大石田
25%
足利
25%
下総神崎
25%
青柳
24%
四ツ倉
24%
浜吉田
24%
氏家
24%
矢板
24%
かみのやま温泉
24%
日野春
23%
草野
23%
東北本線 浦和
23%
両毛線 栃木
23%
日光線 鶴田
23%
下野大沢
23%
Jヴィレッジ
23%
二本松
22%
熊谷
22%
山寺
22%
竜田
21%
小高
20%
安房小湊
20%
水戸線 笠間
20%
佐野
20%
文挟
20%
新松戸
20%
原当麻
19%
本宮
18%
名取
18%
北山形
18%
内房線 青堀
18%
岩瀬
18%
雀宮
17%
佐貫町
17%
保田
17%
和田浦
17%
野蒜
17%
矢本
17%
大湊線 陸奥横浜
17%
篠ノ井線 聖高原
17%
大貫
16%
吾妻線 中之条
16%
姨捨
16%
延方
15%
大糸線 白馬
15%
成田線 滑河
14%
柿崎
14%
岩井
14%
新秋津
14%
南仙台
13%
平泉
13%
竹岡
13%
富浦
13%
磐越東線 三春
13%
仙石線 苦竹
13%
太海
12%
仙山線 面白山高原
12%
小海線 清里
12%
山田線 茂市
11%
猪苗代
11%
船引
11%
上越線 沼田
10%
来迎寺
10%
見附
10%
陸前小野
10%
最上
10%
越後線 白山
10%
外房線 太東
10%
金谷川
8%
象潟
8%
加茂
8%
浦宿
8%
只見線 会津柳津
8%
土崎
7%
五能線 五所川原
7%
石巻線 渡波
7%
八戸線 階上
7%
左沢線 羽前山辺
7%
羽前長崎
7%
大鰐温泉
6%
矢代田
6%
万石浦
6%
花輪線 松尾八幡平
6%
信濃森上
6%
磐越西線 喜久田
5%
越後赤塚
5%
袋田
5%
会津宮下
4%
羽後境
3%
石川
3%
羽越本線 羽前大山
3%
水郡線 東館
3%
深谷
3%
岡部
3%
近川
3%
臼田
3%
白新線 新崎
3%
潟町
2%
小砂川
1%
道川
1%
陸羽東線 堺田
1%
No matching quizzes found
Score Distribution
Percent of People with Each Score
Percentile by Number Answered
Your Score History
You have not taken this quiz since the last reset